Najstarší hráč premýšľal aj nad ukončením kariéry

Bibliographic Details
Format: Article
Language:Slovak
PhysicalDescription:Fotogr.
ISSN:1210-2423
Subjects:

MARC

LEADER 00000nab a2200000 ar4500
001 vtls010107374
003 SK-MaSNL
005 20260303080814.0
008 171109c2010 xo wr|p|||||||000 b|slo
038 |a PPPK 
040 |a PPPKCL  |b slo  |c PPPKCL  |e AACR2 
041 0 |a slo 
044 |a xo  |c SK 
080 |a 796.332.071.2  |2 2001 
245 0 0 |a Najstarší hráč premýšľal aj nad ukončením kariéry  |c [text a foto] (mdc) 
300 |b Fotogr. 
600 1 7 |a Pazúr, Roman  |2 pppkcl  |9 1083151 
610 2 7 |a FK Poprad  |2 pppkcl  |9 40050 
650 0 7 |a šport  |2 snkbucl  |9 1042 
650 0 7 |a futbal  |2 pppkcl  |9 3291 
650 0 7 |a futbalisti  |2 pppkcl  |9 43771 
651 7 |a Poprad (Slovensko)  |2 pppkcl  |9 20155 
655 7 |a rozhovory  |2 pppkcl  |9 31831 
773 0 |t Podtatranské noviny  |g Roč. LI, č. 16 (2010), s. 7  |x 1210-2423 
852 |a PPPK  |b KIS3GCP 
999 |c 1782015  |d 1783945